Quick Pick: 'Dog' Books Quiz Stats

 Plays Quiz not verified by Sporcle

Support Sporcle.
Go Orange.
Score 0/10 Timer 01:00
0 Plays Today
% Correct
Clifford, the Big Red Dog
49.7%
The Curious Incident of the Dog in the Night-Time
44.1%
Lassie Come-Home
39.9%
Travels with Charley
37.8%
Old Yeller
36.4%
Shiloh
23.8%
The Dog Who Spoke with Gods
20.3%
The Power of the Dog
16.1%
One Good Dog
15.4%
The Good Dog
12.6%

You're not logged in!

Compare scores with friends on all Sporcle quizzes.
OR
Log In

From the Vault

Big 4 Teams Central Time Zone

by senormucholoco

16 years ago the Winnipeg Jets would have been on here...alas no more.
Remove Ads.
Support Sporcle.
Get the best of Sporcle when you Go Orange. This ad-free experience offers more features, more stats, and more fun while also helping to support Sporcle. Thank you for becoming a member.

Show Comments

Extras

Top Quizzes Today


Score Distribution

Your Account Isn't Verified!

In order to create a playlist on Sporcle, you need to verify the email address you used during registration. Go to your Sporcle Settings to finish the process.

Report this User

Report this user for behavior that violates our Community Guidelines.

Details: